Základy ekotoxikológie /
Uložené v:
| Hlavný autor: | |
|---|---|
| Médium: | Kniha |
| Jazyk: | Slovak |
| Vydané: |
Vo Zvolene :
Technická univerzita,
2015.
|
| Vydanie: | 1. vyd. |
| Témy: | |
| ISBN: |
9788022827980 (brož.) |
| Fyzický popis: |
116 strán : ilustrácie, schémy, tabuľky ; 30 cm. |
| Tagy: |
Pridať tag
Žiadne tagy, Buďte prvý kto otaguje tento záznam!
|
Titul je dostupný aj v ... 

MARC
| LEADER | 00000nam a2200000 a 4500 | ||
|---|---|---|---|
| 001 | 000577434 | ||
| 005 | 20180626110229.0 | ||
| 008 | 160610s2015 xo al f p 000 0 slo d | ||
| 020 | |a 9788022827980 (brož.) | ||
| 040 | |a SVKKK |b slo |c SVKKK |e AACR2 | ||
| 041 | 0 | |a slo | |
| 044 | |a xo |c SK | ||
| 072 | 7 | |a 504 |x Znečistenie a poškodenie životného prostredia |2 konspekt | |
| 080 | |a 504.5:615.9 |2 2011 | ||
| 080 | |a 504.5 |2 2011 | ||
| 080 | |a 615.9 |2 2011 | ||
| 080 | |a (075.8) |2 2011 | ||
| 100 | 1 | |a Hybská, Helena |4 aut | |
| 245 | 1 | 0 | |a Základy ekotoxikológie / |c Helena Hybská. |
| 250 | |a 1. vyd. | ||
| 260 | |a Vo Zvolene : |b Technická univerzita, |c 2015. | ||
| 300 | |a 116 strán : |b ilustrácie, schémy, tabuľky ; |c 30 cm. | ||
| 366 | |e 80 výtlačkov | ||
| 504 | |a Bibliografia: s. 115-116 | ||
| 521 | 8 | |a Skriptá sú predovšetkým určené študentom bakalárskeho stupňa študijného programu Environmentálne inžinierstvo a Environmentálny manažment | |
| 650 | 0 | 7 | |a ekotoxikológia |2 SVKKKPH |
| 650 | 0 | 7 | |a poškodenie životného prostredia |2 SVKKKPH |
| 650 | 0 | 7 | |a toxické látky |2 SVKKKPH |
| 655 | 7 | |a učebnice vysokých škôl |2 SVKKKPH | |
| 910 | |a svkkk | ||
| 919 | |a 978-80-228-2798-0 | ||
| 998 | |a BK | ||
| 090 | |g SCKHL |k Sklad Hlavná 10 prízemie |a V.237391 |j 1088390 |i 2720529522 |s Absenčne | ||